<?xml version="1.0" encoding="UTF-8"?>
<record
    xmlns:xsi="http://www.w3.org/2001/XMLSchema-instance"
    xsi:schemaLocation="http://www.loc.gov/MARC21/slim http://www.loc.gov/standards/marcxml/schema/MARC21slim.xsd"
    xmlns="http://www.loc.gov/MARC21/slim">

  <leader>01004nam a22001937a 4500</leader>
  <controlfield tag="003">OSt</controlfield>
  <controlfield tag="005">20251215092745.0</controlfield>
  <controlfield tag="008">251215b        |||||||| |||| 00| 0 eng d</controlfield>
  <datafield tag="040" ind1=" " ind2=" ">
    <subfield code="c">DCL</subfield>
  </datafield>
  <datafield tag="041" ind1=" " ind2=" ">
    <subfield code="a">Myanmar</subfield>
  </datafield>
  <datafield tag="082" ind1=" " ind2=" ">
    <subfield code="a">&#x1042;&#x1049;&#x1044;.&#x1043;&#x1048;&#x1042;&#x1043;&#x1045;&#x1043;</subfield>
  </datafield>
  <datafield tag="100" ind1="0" ind2=" ">
    <subfield code="a">&#x100A;&#x1031;&#x102C;&#x1004;&#x103A;&#x1000;&#x1014;&#x103A;&#x1006;&#x101B;&#x102C;&#x1010;&#x1031;&#x102C;&#x103A;&#x1018;&#x102F;&#x101B;&#x102C;&#x1038;&#x1000;&#x103C;&#x102E;&#x1038;&#x104B;</subfield>
  </datafield>
  <datafield tag="245" ind1="1" ind2=" ">
    <subfield code="a">&#x1015;&#x102F;&#x1036;&#x1010;&#x1031;&#x102C;&#x103A;&#x1005;&#x102F;&#x1036; &#x1004;&#x102B;&#x1038;&#x101B;&#x102C;&#x1037;&#x1004;&#x102B;&#x1038;&#x1006;&#x101A;&#x103A;&#x1007;&#x102C;&#x1010;&#x103A;&#x101D;&#x1010;&#x1039;&#x1011;&#x102F;&#x1019;&#x103B;&#x102C;&#x1038;&#x104A;</subfield>
    <subfield code="n">&#x1010;&#x1010;&#x102D;&#x101A;&#x1010;&#x103D;&#x1032;&#x104A; &#x1007;&#x102C;&#x1010;&#x103A;&#x1015;&#x1031;&#x102B;&#x1004;&#x103A;&#x1038;-&#x1041;&#x1041;&#x1044; /</subfield>
    <subfield code="c">&#x100A;&#x1031;&#x102C;&#x1004;&#x103A;&#x1000;&#x1014;&#x103A;&#x1006;&#x101B;&#x102C;&#x1010;&#x1031;&#x102C;&#x103A;&#x1018;&#x102F;&#x101B;&#x102C;&#x1038;&#x1000;&#x103C;&#x102E;&#x1038;&#x104B;</subfield>
  </datafield>
  <datafield tag="250" ind1=" " ind2=" ">
    <subfield code="a">&#x1010;&#x1010;&#x102D;&#x101A;&#x1021;&#x1000;&#x103C;&#x102D;&#x1019;&#x103A;&#x104B;</subfield>
  </datafield>
  <datafield tag="260" ind1=" " ind2=" ">
    <subfield code="a">&#x101B;&#x1014;&#x103A;&#x1000;&#x102F;&#x1014;&#x103A; &#x104A;</subfield>
    <subfield code="b">&#x101A;&#x102F;&#x1036;&#x1000;&#x103C;&#x100A;&#x103A;&#x1001;&#x103B;&#x1000;&#x103A;&#x1005;&#x102C;&#x1015;&#x1031;&#x104A;</subfield>
    <subfield code="c">&#x1042;&#x1040;&#x1040;&#x1044;&#x104B;</subfield>
  </datafield>
  <datafield tag="300" ind1=" " ind2=" ">
    <subfield code="a">&#x1014;&#x104A; &#x1048;&#x1043;&#x1048; &#x1005;&#x102C;&#x1019;&#x103B;&#x1000;&#x103A;&#x1014;&#x103E;&#x102C; &#x104A;</subfield>
    <subfield code="c">&#x1042;&#x1045; &#x1005;&#x1004;&#x103A;&#x1010;&#x102E;&#x104B;</subfield>
  </datafield>
  <datafield tag="650" ind1=" " ind2=" ">
    <subfield code="a">&#x1004;&#x102B;&#x1038;&#x101B;&#x102C;&#x1037;&#x1004;&#x102B;&#x1038;&#x1006;&#x101A;&#x103A;&#x1007;&#x102C;&#x1010;&#x103A;&#x101D;&#x1010;&#x1039;&#x1011;&#x102F;&#x104B;</subfield>
  </datafield>
  <datafield tag="942" ind1=" " ind2=" ">
    <subfield code="2">ddc</subfield>
    <subfield code="c">SHORT TERM</subfield>
    <subfield code="n">0</subfield>
  </datafield>
  <datafield tag="952" ind1=" " ind2=" ">
    <subfield code="0">0</subfield>
    <subfield code="1">0</subfield>
    <subfield code="2">ddc</subfield>
    <subfield code="4">0</subfield>
    <subfield code="7">0</subfield>
    <subfield code="8">M</subfield>
    <subfield code="a">DHAM</subfield>
    <subfield code="b">DHAM</subfield>
    <subfield code="c">MMBS</subfield>
    <subfield code="d">2025-12-15</subfield>
    <subfield code="l">0</subfield>
    <subfield code="o">&#x1042;&#x1049;&#x1044;.&#x1043;&#x1048;&#x1042;&#x1043;&#x1045;&#x1043; &#x100A;&#x1031;&#x102C;&#x1004;&#x103A; &#x1043;&#x1045;&#x1044; (&#x1041;)</subfield>
    <subfield code="p">MB00000354</subfield>
    <subfield code="r">2025-12-15 09:28:29</subfield>
    <subfield code="w">2025-12-15</subfield>
    <subfield code="y">SHORT TERM</subfield>
    <subfield code="A">&#x1043;&#x1045;&#x1044;</subfield>
  </datafield>
  <datafield tag="952" ind1=" " ind2=" ">
    <subfield code="0">0</subfield>
    <subfield code="1">0</subfield>
    <subfield code="2">ddc</subfield>
    <subfield code="4">0</subfield>
    <subfield code="7">0</subfield>
    <subfield code="8">M</subfield>
    <subfield code="a">DHAM</subfield>
    <subfield code="b">DHAM</subfield>
    <subfield code="c">MMBS</subfield>
    <subfield code="d">2025-12-15</subfield>
    <subfield code="l">0</subfield>
    <subfield code="o">&#x1042;&#x1049;&#x1044;.&#x1043;&#x1048;&#x1042;&#x1043;&#x1045;&#x1043; &#x100A;&#x1031;&#x102C;&#x1004;&#x103A; &#x1046;&#x1044;&#x1041;(&#x1042;)</subfield>
    <subfield code="p">MB00000641</subfield>
    <subfield code="r">2025-12-15 09:29:41</subfield>
    <subfield code="w">2025-12-15</subfield>
    <subfield code="y">SHORT TERM</subfield>
    <subfield code="A">&#x1046;&#x1044;&#x1041;</subfield>
  </datafield>
  <datafield tag="999" ind1=" " ind2=" ">
    <subfield code="c">2705</subfield>
    <subfield code="d">2705</subfield>
  </datafield>
</record>
